UEFA Europa League 2020-21 Semi Finals Starting XI - Statistics

General Stats
  • This quiz has been taken 404 times
  • The average score is 28 of 44
Answer Stats
Team Player % Correct
Manchester United David De Gea
99%
Manchester United Bruno Fernandes
95%
Manchester United Harry Maguire
95%
Manchester United Victor Lindelöf
95%
Manchester United Edinson Cavani
94%
Manchester United Luke Shaw
94%
AS Roma Edin Džeko
92%
Manchester United Scott McTominay
92%
Arsenal Bernd Leno
90%
Manchester United Fred
90%
Arsenal Martin Ødegaard
90%
Manchester United Paul Pogba
87%
Manchester United Aaron Wan-Bissaka
85%
Manchester United Marcus Rashford
84%
Arsenal Thomas Partey
83%
AS Roma Chris Smalling
81%
AS Roma Henrikh Mkhitaryan
78%
Arsenal Granit Xhaka
77%
Arsenal Bukayo Saka
75%
Arsenal Nicolas Pépé
75%
Villarreal Gerard Moreno
74%
Villarreal Gerónimo Rulli
67%
AS Roma Pau López
59%
Villarreal Dani Parejo
58%
Villarreal Pau Torres
55%
Arsenal Rob Holding
53%
AS Roma Jordan Veretout
50%
AS Roma Lorenzo Pellegrini
50%
Villarreal Raúl Albiol
50%
Villarreal Samuel Chukwueze
49%
Arsenal Dani Ceballos
47%
Villarreal Étienne Capoue
47%
Villarreal Juan Foyth
47%
AS Roma Leonardo Spinazzola
47%
Arsenal Pablo Marí
41%
AS Roma Rick Karsdorp
41%
Arsenal Emile Smith Rowe
39%
Arsenal Calum Chambers
36%
AS Roma Roger Ibañez
35%
AS Roma Amadou Diawara
33%
AS Roma Bryan Cristante
27%
Villarreal Alfonso Pedraza
24%
Villarreal Paco Alcácer
24%
Villarreal Manu Trigueros
19%
No matching quizzes found
Score Distribution
Percent of People with Each Score
Percentile by Number Answered
Your Score History
You have not taken this quiz